Retailing. / (Record no. 1279)
[ view plain ]
| 000 -LEADER | |
|---|---|
| fixed length control field | 01438pam a2200253 a 4500 |
| 001 - CONTROL NUMBER | |
| control field | 2486829 |
| 005 - DATE AND TIME OF LATEST TRANSACTION | |
| control field | 20210414114012.0 |
| 008 - FIXED-LENGTH DATA ELEMENTS--GENERAL INFORMATION | |
| fixed length control field | 910501s1992 ohua b 001 0 eng |
| 010 ## - LIBRARY OF CONGRESS CONTROL NUMBER | |
| LC control number | 91019171 |
| 020 ## - INTERNATIONAL STANDARD BOOK NUMBER | |
| International Standard Book Number | 0538814438 |
| 040 ## - CATALOGING SOURCE | |
| Original cataloging agency | DLC |
| Transcribing agency | DLC |
| Modifying agency | DLC |
| 050 00 - LIBRARY OF CONGRESS CALL NUMBER | |
| Classification number | HF5429.R478 |
| 082 00 - DEWEY DECIMAL CLASSIFICATION NUMBER | |
| Classification number | 658.8/7 |
| Edition number | 20 |
| 245 00 - TITLE STATEMENT | |
| Title | Retailing. / |
| Statement of responsibility, etc. | Patrick Dunne ... [et al.]. |
| 260 ## - PUBLICATION, DISTRIBUTION, ETC. | |
| Place of publication, distribution, etc. | Cincinnati, Ohio : |
| Name of publisher, distributor, etc. | College Division, South-Western Pub. Co., |
| Date of publication, distribution, etc. | c1992. |
| 300 ## - PHYSICAL DESCRIPTION | |
| Extent | xxxi, 496 p. : |
| Other physical details | col. ill. ; |
| Dimensions | 27 cm. |
| 504 ## - BIBLIOGRAPHY, ETC. NOTE | |
| Bibliography, etc. note | Includes bibliographical references and indexes. |
| 505 ## - FORMATTED CONTENTS NOTE | |
| Formatted contents note | Contents: Introduction to retailing: Perspectives on retailing -- Retailing planning and management -- The Retailing environment: Retail customers -- Competition in retailing -- Channel behaviour -- Legal environment -- Location analysis: Retail location -- Managing retail operations: Financial planning -- Merchandise buying and handling -- Merchandise pricing -- Advertising and promotion -- Store design and layout -- Personal selling and other services -- Retail planning, administration and control: Planning and controlling retail operations -- Human resources -- Retail information -- Appendixes. |
| 650 #0 - SUBJECT ADDED ENTRY--TOPICAL TERM | |
| Topical term or geographic name entry element | Retail trade. |
| 700 1# - ADDED ENTRY--PERSONAL NAME | |
| Personal name | Dunne, Patrick M. |
| 906 ## - LOCAL DATA ELEMENT F, LDF (RLIN) | |
| a | 7 |
| b | cbc |
| c | orignew |
| d | 1 |
| e | ocip |
| f | 19 |
| g | y-gencatlg |
| 942 ## - ADDED ENTRY ELEMENTS (KOHA) | |
| Source of classification or shelving scheme | Library of Congress Classification |
| Koha item type | Books |
| Withdrawn status | Lost status | Source of classification or shelving scheme | Damaged status | Not for loan | Home library | Current library | Shelving location | Date acquired | Total Checkouts | Full call number | Barcode | Date last seen | Copy number | Price effective from | Koha item type |
|---|---|---|---|---|---|---|---|---|---|---|---|---|---|---|---|
| Library of Congress Classification | WISCONSIN INTERNATIONAL UNIVERSITY COLLEGE, GHANA - MAIN LIBRARY | WISCONSIN INTERNATIONAL UNIVERSITY COLLEGE, GHANA - MAIN LIBRARY | General Stacks | 12/06/2012 | HF5429.R478 | 2417/12 | 12/06/2012 | 1 | 12/06/2012 | Books |
